| 000 | 01897nam0a2200337 4500 | ||
|---|---|---|---|
| 001 | RU\NLR\bibl\962547 | ||
| 005 | 20260405173752.0 | ||
| 035 | _a(NLR Aleph) 000950567 | ||
| 090 |
_a277030 _c277030 |
||
| 100 | _a20060628d2005 u y0rusy50 ca | ||
| 101 | 0 | _arus | |
| 102 | _aRU | ||
| 105 | _ay ||||||||| | ||
| 200 | 1 |
_aИспользование специальных знаний в уголовном судопроизводстве _e(уголовно-процессуальный и криминалистический аспекты) _eмонография _fН.А. Данилова, С.П. Кушниренко, Т.Г. Николаева, В.Д. Пристансков |
|
| 210 |
_aСанкт-Петербург _c[б.и.] _d2005 |
||
| 215 |
_a310,[1] с. _d20 |
||
| 300 | _aПеред вып. дан. авт.: Данилова Н.А., Кушниренко С.П., Николаева Т.Г., Пристансков В.Д., кандидаты юрид. наук, доценты | ||
| 320 | _aБиблиогр. в подстроч. прим. | ||
| 606 | 1 |
_aУголовный процесс _xУчастие специалистов _yРоссийская Федерация _92210863 _3RU\NLR\auth\661328097 |
|
| 686 | _aХ629.374.019 | ||
| 686 | _aХ629.372.207.17 | ||
| 701 | 1 |
_4070 _8rus _7ca _aДанилова _bН. А. _cд-р юрид. наук _gНаталья Алексеевна _3RU\NLR\auth\7761728 _944658 |
|
| 701 | 1 |
_aКушниренко _bС. П. _gСветлана Петровна _4070 |
|
| 701 | 1 |
_4070 _8rus _7ca _aНиколаева _bТ. Г. _cд-р юрид. наук _gТатьяна Геннадьевна _3RU\NLR\auth\7775101 _958029 |
|
| 701 | 1 |
_aПристансков _bВ. Д. _gВладимир Дмитриевич _4070 |
|
| 801 | 0 |
_aRU _bNLR _c20060628 _grcr |
|
| 801 | 1 |
_aRU _bNLR _c20060628 |
|
| 830 | _aпо кн | ||
| 942 | _cBOOK | ||
| 980 | _aNB | ||